[Event "Ruhrgebiet Verbandsliga2 1011"]
[Site "Nordrheinwestfalen"]
[Date "2011.02.06"]
[Round "6.2"]
[White "Haberhausen, Ansgar"]
[Black "Dergatschova, Anna"]
[Result "0-1"]
[WhiteElo "2054"]
[BlackElo "2187"]
[PlyCount "90"]
[EventDate "2010.09.12"]
[EventType "team-tourn"]
[EventRounds "9"]
[EventCountry "GER"]
[SourceTitle "EXT 2020"]
[Source "ChessBase"]
[SourceDate "2019.10.17"]
[SourceVersion "1"]
[SourceVersionDate "2019.10.17"]
[SourceQuality "1"]
[WhiteTeam "Herne Sodingen II"]
[BlackTeam "Holsterhausen SK"]
[WhiteTeamCountry "GER"]
[BlackTeamCountry "GER"]

1. d4 g6 2. Nf3 Bg7 3. c3 d6 4. g3 Nd7 5. Bg2 Ngf6 6. 0-0 0-0 7. Qc2 e5 8. dxe5 Nxe5 9. Nxe5 dxe5 10. Rd1 Qe7 11. Bg5 c6 12. Nd2 h6 13. Bxf6 Bxf6 14. Ne4 Bg7 15. Qd2 Be6 16. Qd6 Qxd6 17. Rxd6 Rfd8 18. Rad1 Rxd6 19. Rxd6 Bf8 20. Rd1 Bxa2 21. Ra1 Bc4 22. Bf3 Kg7 23. Ra5 Bb5 24. Kf1 f5 25. Nd2 e4 26. Bg2 Rd8 27. Ke1 Bc5 28. e3 Bb6 29. Ra1 Bd3 30. Nb3 g5 31. Nd4 Kf6 32. Bh3 f4 33. exf4 Bxd4 34. fxg5+ hxg5 35. cxd4 a6 36. Bf1 Bxf1 37. Kxf1 Rxd4 38. Ke2 Rb4 39. Rb1 Rb3 40. h4 gxh4 41. gxh4 Kg6 42. f4 exf3+ 43. Kf2 Kh5 44. Kg3 a5 45. Re1 f2+ 0-1

[Event "Ruhrgebiet Verbandsliga2 1011"]
[Site "Nordrheinwestfalen"]
[Date "2010.10.24"]
[Round "2.2"]
[White "Kedziora, Claus"]
[Black "Haberhausen, Ansgar"]
[Result "0-1"]
[WhiteElo "2140"]
[BlackElo "2054"]
[PlyCount "40"]
[EventDate "2010.09.12"]
[EventType "team-tourn"]
[EventRounds "9"]
[EventCountry "GER"]
[SourceTitle "EXT 2020"]
[Source "ChessBase"]
[SourceDate "2019.10.17"]
[SourceVersion "1"]
[SourceVersionDate "2019.10.17"]
[SourceQuality "1"]
[WhiteTeam "Gladbeck SG"]
[BlackTeam "Herne Sodingen II"]
[WhiteTeamCountry "GER"]
[BlackTeamCountry "GER"]

1. e4 c6 2. d4 d5 3. exd5 cxd5 4. c4 Nf6 5. Nc3 e6 6. Bg5 Be7 7. Nf3 Nc6 8. cxd5 Nxd5 9. Bxe7 Qxe7 10. Qd2 0-0 11. Bd3 Nxc3 12. Qxc3 Qb4 13. 0-0 Qxc3 14. bxc3 b6 15. Ng5 h6 16. Ne4 Rd8 17. f4 Bb7 18. Rae1 Rac8 19. Re3 Ne7 20. Bb1 Nd5 0-1

[Event "Ruhrgebiet VK3 0910"]
[Site "Ruhrgebiet"]
[Date "2010.02.07"]
[Round "6.2"]
[White "Haberhausen, Ansgar"]
[Black "Kleibaumhueter, Klaus"]
[Result "1-0"]
[WhiteElo "2220"]
[BlackElo "2148"]
[PlyCount "109"]
[EventDate "2009.09.06"]
[EventType "team"]
[EventRounds "9"]
[EventCountry "GER"]
[SourceTitle "EXT 2011"]
[Source "ChessBase"]
[SourceDate "2010.11.26"]
[SourceVersion "1"]
[SourceVersionDate "2010.11.26"]
[SourceQuality "1"]
[WhiteTeam "Herne Sodingen II"]
[BlackTeam "Rochade Eving"]
[WhiteTeamCountry "GER"]
[BlackTeamCountry "GER"]

1. d4 d5 2. Nf3 Nf6 3. Bf4 g6 4. e3 Bg7 5. c4 0-0 6. Nc3 c5 7. Be2 cxd4 8. Nxd4 Re8 9. Bg3 Qb6 10. Qb3 Qxb3 11. axb3 Nc6 12. Ndb5 Nb4 13. 0-0 Na6 14. cxd5 Rd8 15. Rfd1 Bf5 16. Nd4 Nb4 17. Bf3 Bg4 18. e4 Bxf3 19. gxf3 Nh5 20. Ra4 Na6 21. Rc4 Nxg3 22. hxg3 Rac8 23. Rxc8 Rxc8 24. Ndb5 Nc5 25. b4 Na6 26. d6 exd6 27. Nxd6 Rb8 28. b5 Nc5 29. b4 Ne6 30. Nd5 Bf8 31. Nf6+ Kg7 32. Nde8+ Kh8 33. Rd7 Ng5 34. f4 Nxe4 35. Rxf7 Bg7 36. Nxe4 Rxe8 37. Nd6 Rd8 38. Rxb7 Rxd6 39. Rb8+ Bf8 40. Rxf8+ Kg7 41. Rc8 Rd4 42. Rc7+ Kf6 43. Rxa7 Rxb4 44. Rb7 Kf5 45. Kg2 Rb2 46. b6 Kg4 47. Rb8 Kh5 48. Kf3 Rb3+ 49. Ke4 Kg4 50. Kd5 Kf3 51. Kc6 Kxf2 52. g4 Kg3 53. f5 Rf3 54. Rf8 Kxg4 55. f6 1-0

[Event "Ruhrgebiet VL1 0405"]
[Site "Ruhrgebiet"]
[Date "2005.01.09"]
[Round "5.1"]
[White "Haberhausen, Ansgar"]
[Black "Curic, Drazen"]
[Result "1/2-1/2"]
[WhiteElo "2095"]
[BlackElo "2117"]
[PlyCount "83"]
[EventDate "2004.09.12"]
[EventType "team"]
[EventRounds "9"]
[EventCountry "GER"]
[SourceTitle "EXT 2006"]
[Source "ChessBase"]
[SourceDate "2005.11.24"]
[SourceVersion "1"]
[SourceVersionDate "2005.11.24"]
[SourceQuality "1"]
[WhiteTeam "Laeufer Wanne Eickel"]
[BlackTeam "Altenessen"]
[WhiteTeamCountry "GER"]
[BlackTeamCountry "GER"]

1. d4 Nf6 2. Nf3 g6 3. Bf4 Bg7 4. e3 0-0 5. Be2 d6 6. h3 c5 7. 0-0 Qb6 8. b3 Nc6 9. c3 Qa5 10. Bh2 cxd4 11. cxd4 Bf5 12. Nbd2 Rfc8 13. Nc4 Qd8 14. Bd3 Bxd3 15. Qxd3 b5 16. Ncd2 a6 17. a3 Qe8 18. e4 e5 19. Rac1 Bh6 20. dxe5 dxe5 21. Qd6 Bf8 22. Qd3 Bxa3 23. Ra1 Bc5 24. Rfc1 Qe7 25. Bg3 Nb4 26. Qe2 Nd7 27. Nf1 f6 28. Ne3 Bxe3 29. fxe3 Nc5 30. Be1 Ncd3 31. Rxc8+ Rxc8 32. Bxb4 Nxb4 33. Ne1 Qe6 34. Nd3 Qxb3 35. Nxb4 Qxb4 36. Rxa6 Qc4 37. Qxc4+ Rxc4 38. Rxf6 Rxe4 39. Kf2 Rc4 40. Kf3 b4 41. Rb6 Kg7 42. g3 1/2-1/2

[Event "Ruhrgebiet VL1 0405"]
[Site "Ruhrgebiet"]
[Date "2004.11.07"]
[Round "3.2"]
[White "Woller, Rainer"]
[Black "Haberhausen, Ansgar"]
[Result "1/2-1/2"]
[WhiteElo "2041"]
[BlackElo "2095"]
[PlyCount "76"]
[EventDate "2004.09.12"]
[EventType "team"]
[EventRounds "9"]
[EventCountry "GER"]
[SourceTitle "EXT 2006"]
[Source "ChessBase"]
[SourceDate "2005.11.24"]
[SourceVersion "1"]
[SourceVersionDate "2005.11.24"]
[SourceQuality "1"]
[WhiteTeam "Mengede SG"]
[BlackTeam "Laeufer Wanne Eickel"]
[WhiteTeamCountry "GER"]
[BlackTeamCountry "GER"]

1. e4 c6 2. d4 d5 3. Nc3 dxe4 4. Nxe4 Nd7 5. Nf3 Ngf6 6. Ng3 e6 7. Bd3 Bd6 8. Qe2 0-0 9. 0-0 Re8 10. Ne5 Qc7 11. Re1 c5 12. c3 b6 13. Ne4 cxd4 14. cxd4 Bb7 15. Nxf6+ Nxf6 16. Bg5 Be7 17. Rac1 Qd6 18. Bb5 Rec8 19. Ba6 Rxc1 20. Rxc1 Bd5 21. a3 Ne8 22. Bf4 f6 23. Ng6 Qd8 24. Nxe7+ Qxe7 25. Qd2 Rd8 26. Rc8 Rxc8 27. Bxc8 Nd6 28. Ba6 g5 29. Bxd6 Qxd6 30. Qc3 Qc6 31. Qxc6 Bxc6 32. Bc4 Kf7 33. f3 Ke7 34. Kf2 Kd6 35. g3 Bd5 36. Bd3 h6 37. Ke3 a5 38. f4 e5 1/2-1/2

[Event "Ruhrgebiet VL1 0304"]
[Site "Ruhrgebiet"]
[Date "2004.03.28"]
[Round "8.1"]
[White "Haberhausen, Ansgar"]
[Black "Kreslawski, Raimond"]
[Result "0-1"]
[WhiteElo "2074"]
[BlackElo "2179"]
[PlyCount "123"]
[EventDate "2003.09.28"]
[EventType "team"]
[EventRounds "9"]
[EventCountry "GER"]
[SourceTitle "EXT 2007"]
[Source "ChessBase"]
[SourceDate "2006.11.23"]
[SourceVersion "1"]
[SourceVersionDate "2006.11.23"]
[SourceQuality "1"]
[WhiteTeam "Laeufer Wanne Eickel"]
[BlackTeam "Gelsenkirchen II"]
[WhiteTeamCountry "GER"]
[BlackTeamCountry "GER"]

1. d4 Nf6 2. Nf3 e6 3. Bf4 b6 4. e3 Bb7 5. Bd3 Be7 6. 0-0 Nh5 7. Bg3 d6 8. Nbd2 Nd7 9. c4 Nxg3 10. hxg3 Nf6 11. Rc1 0-0 12. Bb1 c5 13. Qe2 Qc7 14. e4 e5 15. d5 g6 16. Ne1 Nh5 17. Nd3 Bc8 18. g4 Nf6 19. f3 h5 20. gxh5 Nxh5 21. Qf2 Bg5 22. Rcd1 Bf4 23. Nxf4 exf4 24. Qh4 Kg7 25. Kf2 Rh8 26. Rfe1 f6 27. e5 dxe5 28. Ne4 Qd8 29. Rh1 Bf5 30. g4 Bxe4 31. Bxe4 Ng3 32. Qxh8+ Qxh8 33. Rxh8 Rxh8 34. Kg2 f5 35. gxf5 gxf5 36. Bc2 Kf6 37. Ba4 Ne2 38. Rh1 Rxh1 39. Kxh1 Nd4 40. Kg2 e4 41. Bd1 b5 42. b3 b4 43. Kf2 Kg5 44. Be2 Nc2 45. Bd1 Ne3 46. Be2 Kf6 47. Ke1 Ng2+ 48. Kf2 Nh4 49. Bd1 Ke5 50. Be2 Ng6 51. Ke1 Ne7 52. Kf2 Nc8 53. Bd1 Kd4 54. Bc2 Nd6 55. Ke2 Kc3 56. fxe4 fxe4 57. Bxe4 Nxe4 58. Kf3 Kd4 59. Kxf4 Nd6 60. Kg5 Ke5 61. Kg6 a5 62. Kg7 0-1

[Event "Ruhrgebiet VL1 0304"]
[Site "Ruhrgebiet"]
[Date "2004.02.29"]
[Round "7.1"]
[White "Hort, Vlastimil"]
[Black "Haberhausen, Ansgar"]
[Result "1-0"]
[WhiteElo "2477"]
[BlackElo "2074"]
[PlyCount "101"]
[EventDate "2003.09.28"]
[EventType "team"]
[EventRounds "9"]
[EventCountry "GER"]
[SourceTitle "EXT 2007"]
[Source "ChessBase"]
[SourceDate "2006.11.23"]
[SourceVersion "1"]
[SourceVersionDate "2006.11.23"]
[SourceQuality "1"]
[WhiteTeam "Oberhausen"]
[BlackTeam "Laeufer Wanne Eickel"]
[WhiteTeamCountry "GER"]
[BlackTeamCountry "GER"]

1. d4 Nf6 2. c4 e6 3. Nc3 d5 4. cxd5 exd5 5. Bg5 c6 6. e3 Nbd7 7. Bd3 h6 8. Bh4 Be7 9. Qc2 0-0 10. Nge2 Re8 11. 0-0 Ne4 12. Bxe7 Qxe7 13. Rae1 Ndf6 14. Nd1 Qb4 15. f3 Nd6 16. a3 Qb6 17. g4 Be6 18. Nf2 Rac8 19. Rc1 Re7 20. Rfe1 Rce8 21. Qd2 Bc8 22. Ng3 Nd7 23. Nh5 c5 24. Nf4 Qc6 25. dxc5 Nc4 26. Bxc4 dxc4 27. e4 Ne5 28. Qe3 Be6 29. Red1 Qb5 30. Rc2 Rd7 31. Rxd7 Nxd7 32. Nxe6 Rxe6 33. Qd4 Ne5 34. Kg2 Qb3 35. Rc3 Qxb2 36. Kg3 Qb1 37. Qd8+ Kh7 38. Qd1 Qb5 39. f4 Nc6 40. Qd5 Qb1 41. Kg2 Qb2 42. Qxc4 Qd2 43. e5 g6 44. Rd3 Qe2 45. h4 Re7 46. Qe4 Qc2 47. Rd5 Qc3 48. h5 Qxa3 49. Rd6 Qb4 50. hxg6+ Kg7 51. Qf5 1-0